00491nam a2200193Ia 4500008004100000020001400041050001400055100001600069245004500085245004700130260001500177260001600192260000900208300001500217300002700232300001000259440002000269500000800289170918s9999 xx 000 0 und d a590290142 bK655 1998 aKline, Suzy aHorrible Harry moves up to third grade / cSuzy Kline ; pictures by Frank Remkiewicz. aNew York : bScholastic, c1998 a58 pages : bcolored illustration ; c20cm. aHorrible Harry. a460